000 00314nam a22001457a 4500
008 211011b ||||| |||| 00| 0 eng d
020 _a9780199812998
041 _aeng
080 _a101
082 _a101
100 _a24
101 _aFIL
245 _aIntroduction to Philosophy
_cPerry,J
942 _2udc
_cBK
999 _c58128
_d58128